Căn bản sửa chữa VCR. t.II /

Gespeichert in:
Bibliographische Detailangaben
1. Verfasser: Đỗ Thanh Hải
Format: Sách giấy
Sprache:Vietnamese
Veröffentlicht: H. : Khoa học Kỹ thuật, 1999
Ausgabe:Tái bản có bổ sung
Tags: Tag hinzufügen
Keine Tags, Fügen Sie den ersten Tag hinzu!
Thư viện lưu trữ: Thư viện Trường Đại học Đà Lạt
LEADER 00731nam a2200301 4500
001 DLU030022794
003 ##DLU
005 ##20021230
008 ##021230t vn z000 vie d
040 # # |a DLU  |b vie 
041 # # |a vie 
044 # # |a vn 
082 # # |a 621.388  |b DO-H 
100 # # |a Đỗ Thanh Hải 
245 # # |a Căn bản sửa chữa VCR.  |n t.II /  |c Đỗ Thanh Hải 
250 # # |a Tái bản có bổ sung 
260 # # |a H. :  |b Khoa học Kỹ thuật,  |c 1999 
300 # # |a 281 tr. ;  |c 27 cm 
990 # # |a t.II 
992 # # |a 36000 
994 # # |a DLU 
900 # # |a True 
911 # # |a Thái Thị Thanh Thủy 
925 # # |a G 
926 # # |a A 
927 # # |a SH 
980 # # |a Thư viện Trường Đại học Đà Lạt